| 000 | 01096nam0a22002771 4500 | ||
|---|---|---|---|
| 001 | rc\19432 | ||
| 005 | 20250620115917.0 | ||
| 010 |
_a5-02-029933-2 _92000 |
||
| 035 | _a(NLR Aleph) 005306937 | ||
| 090 |
_a6346576 _c6346576 |
||
| 100 | _a20021204d1992 |||y0rusy50 ca | ||
| 101 | 0 | _arus | |
| 102 | _aRU | ||
| 105 | _aa ||||||||| | ||
| 200 | 1 |
_aВолновое течение пленок жидкости _fС.В. Алексеенко, В.Е. Накоряков, Б.Г. Покусаев _gРос. акад. наук. Сиб. отд-ние. Ин-т теплофизики |
|
| 210 |
_aНовосибирск _cНаука. Сиб. изд. фирма _d1992 |
||
| 215 |
_a255 с. _cил. _d22 |
||
| 320 | _aБиблиогр.: с. 232-244 | ||
| 700 | 1 |
_aАлексеенко _bС.В. _gСергей Владимирович |
|
| 701 | 1 |
_aНакоряков _bВ.Е. _gВладимир Елиферьевич |
|
| 701 | 1 |
_aПокусаев _bБ.Г. _gБорис Григорьевич |
|
| 801 | 0 |
_aRU _bNLR _gpsbo |
|
| 801 | 1 |
_aRU _bELAR _2rusmarc |
|
| 852 |
_aNLR _j92-5/2219 |
||
| 942 | _cBOOK | ||
| 980 | _aNB | ||